000 00520nam a2200157 a 4500
001 000029032
005 20200930055304.0
008 110413s1952 dr 000 0 spa d
040 _aDO-SdBNP
_bspaBNPHU
082 _axxx
_bR426r
110 1 _aRepública Dominicana
_bSecretaría de Estado del Tesoro y Crédito Público
_97926
245 1 0 _aReglamento interior de la oficina de contabilidad general.
260 _aCiudad Trujillo, República Dominicana :
_b[s.n.],
_c1952.
300 _a13 p. ;
_c23 cm.
049 _aBNPD
999 _c28524
_d28524